[Event "Malopolskie Chess Tour - Grupa Seniorska"]
[Site "Poronin"]
[Date "2022.01.07"]
[Round "3.2"]
[White "Marszalek, Jakub"]
[Black "Szydlowski, Kazimierz"]
[Result "0-1"]
[BlackElo "1749"]
[WhiteElo "1406"]
[LiveChessVersion "1.4.8"]

1. Nf3 {[%clk 1:30:54]} c5 {[%clk 1:30:29]} 2. e3 {[%clk 1:30:53]} d5
{[%clk 1:30:24]} 3. Nc3 {[%clk 1:30:40]} Nf6 {[%clk 1:29:58]} 4. Bb5+
{[%clk 1:30:45]} Bd7 {[%clk 1:29:14]} 5. a4 {[%clk 1:30:12]} e6 {[%clk 1:26:13]}
6. d3 {[%clk 1:30:25]} a6 {[%clk 1:25:39]} 7. Bxd7+ {[%clk 1:30:48]} Nbxd7
{[%clk 1:25:40]} 8. Ne2 {[%clk 1:30:32]} Bd6 {[%clk 1:25:27]} 9. Ng3
{[%clk 1:30:12]} Qc7 {[%clk 1:22:54]} 10. c3 {[%clk 1:30:07]} h5 {[%clk 1:22:30]}
11. e4 {[%clk 1:26:30]} h4 {[%clk 1:20:36]} 12. Nf1 {[%clk 1:26:32]} dxe4
{[%clk 1:20:32]} 13. Ng5 {[%clk 1:26:12]} exd3 {[%clk 1:19:35]} 14. Qxd3
{[%clk 1:26:08]} Ne5 {[%clk 1:18:18]} 15. Qe2 {[%clk 1:25:59]} c4
{[%clk 1:17:39]} 16. Be3 {[%clk 1:24:44]} Nd3+ {[%clk 1:16:46]} 17. Kd1
{[%clk 1:24:54]} O-O {[%clk 1:15:02]} 18. g3 {[%clk 1:24:19]} Qc6
{[%clk 1:13:38]} 19. f3 {[%clk 1:24:17]} Rfd8 {[%clk 1:12:43]} 20. Kc2
{[%clk 1:24:30]} b5 {[%clk 1:11:09]} 21. Nd2 {[%clk 1:22:47]} hxg3
{[%clk 1:08:06]} 22. hxg3 {[%clk 1:22:25]} Bxg3 {[%clk 1:06:09]} 23. Qg2
{[%clk 1:20:16]} Qd6 {[%clk 0:54:53]} 24. Qh3 {[%clk 1:19:22]} Kf8
{[%clk 0:53:34]} 25. Qh8+ Ke7 {[%clk 0:51:44]} 26. Qxg7 {[%clk 1:17:59]} Ne5
{[%clk 0:49:47]} 27. Bd4 {[%clk 1:17:07]} Rg8 {[%clk 0:48:48]} 28. Qxf6+
{[%clk 1:17:23]} Kxf6 {[%clk 0:48:45]} 29. Nge4+ {[%clk 1:17:27]} Ke7
{[%clk 0:48:48]} 30. Bc5 {[%clk 1:17:06]} Qxc5 {[%clk 0:47:22]} 31. Nxc5
{[%clk 1:17:29]} f5 {[%clk 0:46:17]} 32. Rh7+ {[%clk 1:16:15]} Kd6
{[%clk 0:40:07]} 33. Nb7+ {[%clk 1:15:42]} Kd5 {[%clk 0:36:54]} 34. Na5
{[%clk 1:13:23]} Bf4 {[%clk 0:36:37]} 35. Rf1 {[%clk 1:10:31]} Rg2
{[%clk 0:36:41]} 36. Rb7 {[%clk 1:07:42]} Rxd2+ {[%clk 0:36:37]} 37. Kb1
{[%clk 1:07:48]} bxa4 {[%clk 0:33:23]} 38. Rg1 {[%clk 1:07:29]} Nxf3
{[%clk 0:31:28]} 39. Rg6 {[%clk 1:07:10]} a3 {[%clk 0:26:11]} 40. bxa3
{[%clk 1:03:55]} Rb8 {[%clk 0:24:47]} 41. Rgg7 Rxb7+ {[%clk 0:23:39]} 42. Rxb7
{[%clk 1:03:48]} Ne5 {[%clk 0:23:11]} 43. Rb6 {[%clk 1:03:54]} Rd1+
{[%clk 0:22:49]} 44. Kc2 {[%clk 1:04:11]} Rc1+ {[%clk 0:23:01]} 45. Kb2
{[%clk 1:04:18]} Nd3+ {[%clk 0:23:19]} 46. Ka2 {[%clk 1:04:26]} Rxc3
{[%clk 0:23:22]} 47. Rxa6 {[%clk 1:03:19]} Be5 {[%clk 0:23:10]} 48. Rb6
{[%clk 1:02:34]} Rc2+ {[%clk 0:23:29]} 49. Kb1 {[%clk 1:02:06]} Rc1+
{[%clk 0:23:50]} 0-1

[Event "Malopolskie Chess Tour - Grupa Seniorska"]
[Site "Poronin"]
[Date "2022.01.07"]
[Round "3.3"]
[White "Sadzikowski, Marian"]
[Black "Zarow, Zdzislaw"]
[Result "1-0"]
[BlackElo "1672"]
[WhiteElo "1763"]
[LiveChessVersion "1.4.8"]

1. e4 {[%clk 1:30:57]} e5 {[%clk 1:30:53]} 2. f4 {[%clk 1:31:20]} d5
{[%clk 1:30:01]} 3. Nf3 {[%clk 1:31:45]} dxe4 {[%clk 1:30:04]} 4. Nxe5
{[%clk 1:32:08]} Bd6 {[%clk 1:29:07]} 5. d4 {[%clk 1:29:02]} Nh6 {[%clk 1:25:25]}
6. Be2 {[%clk 1:26:57]} Nf5 {[%clk 1:24:39]} 7. O-O {[%clk 1:24:36]} O-O
{[%clk 1:21:43]} 8. c4 {[%clk 1:22:38]} c5 {[%clk 1:19:27]} 9. d5
{[%clk 1:21:12]} Nd7 {[%clk 1:19:48]} 10. Ng4 {[%clk 1:19:51]} Nd4
{[%clk 1:18:11]} 11. Nc3 {[%clk 1:19:35]} f5 {[%clk 1:18:05]} 12. Ne3
{[%clk 1:18:37]} a6 {[%clk 1:14:43]} 13. Nc2 {[%clk 1:17:43]} Nxe2+
{[%clk 1:13:52]} 14. Nxe2 {[%clk 1:17:22]} b5 {[%clk 1:14:04]} 15. Na3
{[%clk 1:13:48]} b4 {[%clk 1:12:33]} 16. Nc2 {[%clk 1:14:10]} a5 {[%clk 1:12:58]}
17. Ng3 {[%clk 1:12:49]} a4 {[%clk 1:12:50]} 18. Ne3 {[%clk 1:13:10]} Nb6
{[%clk 1:12:56]} 19. Bd2 {[%clk 1:13:15]} Qf6 {[%clk 1:11:41]} 20. a3
{[%clk 1:07:31]} Qh4 {[%clk 1:03:16]} 21. Be1 {[%clk 1:02:17]} Qf6
{[%clk 1:03:43]} 22. Rc1 {[%clk 0:58:01]} Qxb2 {[%clk 0:59:54]} 23. axb4
{[%clk 0:58:16]} cxb4 {[%clk 0:49:19]} 24. Rb1 {[%clk 0:53:39]} Qa3
{[%clk 0:49:35]} 25. Nc2 {[%clk 0:53:19]} Qa2 {[%clk 0:47:59]} 26. Nxb4
{[%clk 0:52:37]} Qxc4 {[%clk 0:48:26]} 27. Kh1 {[%clk 0:47:14]} Bd7
{[%clk 0:45:56]} 28. Bf2 {[%clk 0:42:14]} Bc5 {[%clk 0:40:02]} 29. Rc1
{[%clk 0:41:08]} Qxb4 {[%clk 0:35:47]} 30. Bxc5 {[%clk 0:41:29]} Qa5
{[%clk 0:34:40]} 31. Bxf8 Rxf8 32. d6 {[%clk 0:39:32]} a3 {[%clk 0:34:47]} 33.
Qb3+ {[%clk 0:39:36]} Kh8 {[%clk 0:35:10]} 34. Ra1 {[%clk 0:39:22]} Ra8
{[%clk 0:35:04]} 35. Rfb1 {[%clk 0:39:08]} a2 {[%clk 0:34:22]} 36. Rb2
{[%clk 0:38:48]} Rb8 {[%clk 0:19:33]} 37. Rbxa2 {[%clk 0:38:19]} Qc5
{[%clk 0:19:40]} 38. Ra6 {[%clk 0:29:59]} h6 {[%clk 0:19:41]} 39. Rb1
{[%clk 0:30:07]} Rc8 {[%clk 0:15:17]} 40. Qxb6 {[%clk 0:29:40]} Qc4
{[%clk 0:13:13]} 41. Raa1 {[%clk 0:28:53]} Kh7 {[%clk 0:11:54]} 42. h3
{[%clk 0:28:36]} Rc6 {[%clk 0:12:20]} 43. Qb4 {[%clk 0:28:05]} Qd3
{[%clk 0:12:26]} 44. Qa3 {[%clk 0:27:57]} Rc3 {[%clk 0:12:37]} 45. Qa7
{[%clk 0:27:16]} Qxd6 {[%clk 0:11:24]} 46. Ne2 {[%clk 0:26:04]} Rc2
{[%clk 0:10:51]} 47. Qd4 {[%clk 0:24:55]} Qg6 {[%clk 0:06:40]} 48. Rb2
{[%clk 0:23:38]} Rc6 {[%clk 0:06:41]} 49. Qxd7 {[%clk 0:23:32]} Rd6
{[%clk 0:06:58]} 50. Qc7 {[%clk 0:23:28]} Rc6 {[%clk 0:06:05]} 51. Qb7
{[%clk 0:22:52]} Rd6 {[%clk 0:06:18]} 52. Qb8 {[%clk 0:22:48]} Rd3
{[%clk 0:05:30]} 53. Ra8 {[%clk 0:22:23]} Qf6 {[%clk 0:04:36]} 54. Rb6
{[%clk 0:21:41]} 1-0

[Event "Malopolskie Chess Tour - Grupa Seniorska"]
[Site "Poronin"]
[Date "2022.01.07"]
[Round "4.1"]
[White "Minko, Janusz"]
[Black "Kucharski, Tadeusz"]
[Result "1-0"]
[BlackElo "1601"]
[WhiteElo "1746"]
[LiveChessVersion "1.4.8"]

1. g3 {[%clk 1:30:52]} d5 {[%clk 1:30:04]} 2. Bg2 {[%clk 1:31:15]} Bf5
{[%clk 1:30:03]} 3. Nf3 {[%clk 1:31:14]} e6 {[%clk 1:29:50]} 4. O-O
{[%clk 1:31:06]} h6 {[%clk 1:29:55]} 5. c4 {[%clk 1:31:00]} c6 {[%clk 1:28:25]}
6. cxd5 {[%clk 1:26:08]} cxd5 {[%clk 1:28:36]} 7. Nc3 {[%clk 1:25:01]} a6
{[%clk 1:27:40]} 8. d3 {[%clk 1:23:53]} Nf6 {[%clk 1:26:27]} 9. Qb3
{[%clk 1:18:15]} Qc8 {[%clk 1:23:34]} 10. Nd4 {[%clk 1:14:11]} Bh7
{[%clk 1:23:13]} 11. Bf4 {[%clk 1:00:49]} Nc6 {[%clk 1:22:41]} 12. Nxc6
{[%clk 1:01:02]} bxc6 {[%clk 1:20:54]} 13. Rfc1 {[%clk 0:58:18]} Qd7
{[%clk 1:19:46]} 14. Na4 {[%clk 0:58:12]} Rd8 {[%clk 1:19:03]} 15. Nb6
{[%clk 0:53:16]} Qb7 {[%clk 1:19:12]} 16. Nxd5 {[%clk 0:52:42]} Qxb3
{[%clk 1:19:21]} 17. Nc7+ {[%clk 0:53:01]} Kd7 {[%clk 1:19:23]} 18. axb3
{[%clk 0:53:21]} Nd5 {[%clk 1:17:52]} 19. Nxd5 {[%clk 0:52:42]} exd5
{[%clk 1:17:21]} 20. Rxa6 {[%clk 0:52:07]} Rc8 {[%clk 1:14:35]} 21. Ra7+
{[%clk 0:52:01]} Ke6 {[%clk 1:14:30]} 22. e4 {[%clk 0:49:29]} dxe4
{[%clk 1:13:29]} 23. dxe4 {[%clk 0:49:26]} g5 {[%clk 1:13:31]} 24. Bh3+
{[%clk 0:44:51]} f5 {[%clk 1:13:48]} 25. Rxh7 {[%clk 0:44:31]} Rxh7
{[%clk 1:13:34]} 26. Bxf5+ {[%clk 0:44:47]} Kf6 {[%clk 1:13:37]} 27. Be3
{[%clk 0:39:07]} Rhc7 {[%clk 1:12:51]} 28. Bd4+ {[%clk 0:38:31]} Kf7
{[%clk 1:12:29]} 29. Bxc8 {[%clk 0:38:15]} Rxc8 {[%clk 1:12:49]} 30. Kf1
{[%clk 0:38:05]} c5 {[%clk 1:12:36]} 31. b4 {[%clk 0:37:44]} c4 {[%clk 1:12:50]}
32. Bc5 {[%clk 0:37:32]} Bg7 {[%clk 1:12:09]} 33. Rxc4 {[%clk 0:37:14]} Bxb2
{[%clk 1:12:21]} 34. Rc2 {[%clk 0:37:01]} Ba3 {[%clk 1:12:32]} 35. Ra2
{[%clk 0:37:06]} Bc1 {[%clk 1:12:19]} 36. Ra6 {[%clk 0:36:26]} g4
{[%clk 1:12:31]} 37. Ke2 {[%clk 0:35:12]} Rb8 38. f4 gxf3+ {[%clk 1:09:59]} 39.
Kxf3 {[%clk 0:35:39]} Rd8 {[%clk 1:09:56]} 40. Rd6 {[%clk 0:35:23]} Ra8
{[%clk 1:10:13]} 41. e5 {[%clk 0:33:25]} Ra2 {[%clk 1:09:30]} 42. e6+
{[%clk 0:33:40]} Ke8 43. Rc6 Ra8 44. b5 Ba3 {[%clk 1:04:36]} 45. Be3
{[%clk 0:29:30]} h5 46. b6 Be7 47. b7 1-0

[Event "Malopolskie Chess Tour - Grupa Seniorska"]
[Site "Poronin"]
[Date "2022.01.07"]
[Round "4.2"]
[White "Szydlowski, Kazimierz"]
[Black "Marszalek, Jakub"]
[Result "1-0"]
[BlackElo "1406"]
[WhiteElo "1749"]
[LiveChessVersion "1.4.8"]

1. e4 {[%clk 1:30:53]} Nf6 {[%clk 1:30:32]} 2. Nc3 {[%clk 1:30:52]} e6
{[%clk 1:30:42]} 3. d4 {[%clk 1:30:00]} Bb4 {[%clk 1:30:44]} 4. Bd3
{[%clk 1:29:05]} c5 {[%clk 1:30:56]} 5. dxc5 {[%clk 1:26:47]} Nc6
{[%clk 1:31:08]} 6. Nf3 {[%clk 1:21:09]} Bxc5 {[%clk 1:31:20]} 7. O-O
{[%clk 1:20:58]} d6 {[%clk 1:31:28]} 8. a3 {[%clk 1:18:19]} a6 {[%clk 1:31:12]}
9. b4 {[%clk 1:16:54]} Ba7 {[%clk 1:31:09]} 10. Ne2 {[%clk 1:06:51]} O-O
{[%clk 1:31:20]} 11. Bb2 {[%clk 1:06:09]} e5 {[%clk 1:31:16]} 12. h3
{[%clk 1:04:17]} g6 {[%clk 1:31:07]} 13. Qd2 {[%clk 1:02:17]} Kg7
{[%clk 1:29:57]} 14. Bc1 {[%clk 1:00:55]} Ng8 {[%clk 1:29:46]} 15. c4
{[%clk 0:57:27]} f5 {[%clk 1:29:58]} 16. Rd1 {[%clk 0:56:34]} fxe4
{[%clk 1:28:34]} 17. Bxe4 {[%clk 0:56:20]} Qf6 {[%clk 1:28:21]} 18. Qxd6
{[%clk 0:55:13]} Be6 {[%clk 1:28:23]} 19. Bg5 {[%clk 0:48:37]} Qf7
{[%clk 1:28:05]} 20. Bxc6 {[%clk 0:47:49]} bxc6 {[%clk 1:28:05]} 21. Qxe5+
{[%clk 0:47:34]} Nf6 {[%clk 1:28:11]} 22. Rd6 {[%clk 0:42:47]} Rae8
{[%clk 1:27:58]} 23. Rxc6 {[%clk 0:37:41]} h6 {[%clk 1:27:12]} 24. Rc7
{[%clk 0:34:26]} Re7 {[%clk 1:27:20]} 25. Bxf6+ {[%clk 0:34:39]} Qxf6
{[%clk 1:26:40]} 26. Rxe7+ {[%clk 0:34:49]} Kg8 {[%clk 1:26:49]} 27. Qxf6
{[%clk 0:34:05]} Rxf6 {[%clk 1:26:13]} 28. Rxa7 {[%clk 0:34:27]} Bxc4
{[%clk 1:26:08]} 29. Ned4 {[%clk 0:34:34]} Rd6 {[%clk 1:25:56]} 30. Rc1
{[%clk 0:34:51]} Bf7 {[%clk 1:25:24]} 31. Rc8+ {[%clk 0:35:04]} Kg7
{[%clk 1:25:38]} 32. Rcc7 {[%clk 0:35:21]} Rf6 {[%clk 1:25:38]} 33. Ne5 Kg8
{[%clk 1:23:54]} 34. Ra8+ {[%clk 0:35:36]} 1-0

[Event "Malopolskie Chess Tour - Grupa Seniorska"]
[Site "Poronin"]
[Date "2022.01.08"]
[Round "5.1"]
[White "Sadzikowski, Marian"]
[Black "Kucharski, Tadeusz"]
[Result "1-0"]
[BlackElo "1601"]
[WhiteElo "1763"]
[LiveChessVersion "1.4.8"]

1. e4 {[%clk 1:30:59]} e6 {[%clk 1:30:34]} 2. f4 {[%clk 1:31:26]} d5
{[%clk 1:29:31]} 3. e5 {[%clk 1:31:47]} c5 {[%clk 1:29:25]} 4. Bb5+
{[%clk 1:32:13]} Bd7 {[%clk 1:29:40]} 5. Bxd7+ Qxd7 {[%clk 1:29:45]} 6. Nf3
{[%clk 1:33:02]} Nc6 {[%clk 1:29:23]} 7. d3 {[%clk 1:33:18]} Rc8 {[%clk 1:26:35]}
8. c3 {[%clk 1:33:43]} a6 {[%clk 1:26:02]} 9. O-O {[%clk 1:34:05]} Nh6
{[%clk 1:22:06]} 10. Qe1 {[%clk 1:34:22]} Be7 {[%clk 1:21:02]} 11. Qg3
{[%clk 1:33:41]} Nf5 {[%clk 1:20:08]} 12. Qh3 {[%clk 1:34:04]} g6
{[%clk 1:15:51]} 13. g4 {[%clk 1:30:09]} Ng7 {[%clk 1:16:14]} 14. Qh6
{[%clk 1:21:44]} Bf8 {[%clk 1:15:40]} 15. Qh3 {[%clk 1:19:00]} Be7
{[%clk 1:15:49]} 16. Na3 {[%clk 1:18:00]} b5 {[%clk 1:15:11]} 17. Bd2
{[%clk 1:17:42]} Qc7 {[%clk 1:10:35]} 18. Rae1 {[%clk 1:16:09]} h6
{[%clk 1:02:42]} 19. Nh4 {[%clk 1:06:03]} Bxh4 {[%clk 1:02:03]} 20. Qxh4
{[%clk 1:06:27]} Qe7 {[%clk 1:02:13]} 21. Qf6 {[%clk 1:04:13]} O-O
{[%clk 1:01:35]} 22. f5 {[%clk 1:04:16]} g5 {[%clk 1:00:41]} 23. Qxe7
{[%clk 1:01:38]} Nxe7 {[%clk 1:00:20]} 24. f6 {[%clk 1:02:04]} Nc6
{[%clk 1:00:33]} 25. fxg7 {[%clk 1:02:27]} Kxg7 {[%clk 1:00:51]} 26. Nc2
{[%clk 1:01:57]} Ne7 {[%clk 1:00:51]} 27. d4 {[%clk 1:00:16]} a5 {[%clk 1:00:12]}
28. dxc5 {[%clk 1:00:09]} Rxc5 {[%clk 1:00:16]} 29. Be3 {[%clk 0:59:45]} Rcc8 30.
Bb6 a4 {[%clk 0:55:36]} 31. Ba5 {[%clk 0:59:51]} Nc6 {[%clk 0:55:07]} 32. Bb4
{[%clk 0:58:15]} Nxb4 {[%clk 0:55:14]} 33. Nxb4 {[%clk 0:58:43]} Rc4
{[%clk 0:55:07]} 34. h3 {[%clk 0:59:03]} Rfc8 35. Nc2 b4 {[%clk 0:52:38]} 36.
Nxb4 {[%clk 0:58:56]} a3 {[%clk 0:52:58]} 37. b3 {[%clk 0:53:55]} Rxc3
{[%clk 0:53:08]} 38. Rf2 {[%clk 0:52:15]} Rxh3 {[%clk 0:49:54]} 39. Nc2
{[%clk 0:50:23]} Rg3+ {[%clk 0:49:29]} 40. Kf1 {[%clk 0:50:30]} Rxg4
{[%clk 0:49:37]} 41. Nxa3 {[%clk 0:50:42]} Rc3 {[%clk 0:47:51]} 42. Nb5
{[%clk 0:50:37]} Rh3 {[%clk 0:48:03]} 43. Nd6 {[%clk 0:50:39]} Rf4
{[%clk 0:44:21]} 44. Rxf4 {[%clk 0:49:56]} gxf4 {[%clk 0:44:35]} 45. Re2
{[%clk 0:49:48]} f3 {[%clk 0:40:04]} 46. Rd2 {[%clk 0:49:37]} Kg6
{[%clk 0:38:54]} 47. b4 {[%clk 0:48:27]} f6 {[%clk 0:38:22]} 48. b5
{[%clk 0:46:13]} fxe5 {[%clk 0:38:42]} 49. b6 {[%clk 0:46:39]} e4
{[%clk 0:37:30]} 50. b7 {[%clk 0:44:46]} e3 {[%clk 0:37:36]} 51. Rg2+
{[%clk 0:42:22]} fxg2+ {[%clk 0:29:41]} 52. Kxg2 {[%clk 0:42:18]} Rh2+
{[%clk 0:30:05]} 53. Kf1 {[%clk 0:39:20]} Rb2 {[%clk 0:30:04]} 54. a4
{[%clk 0:39:44]} d4 {[%clk 0:29:28]} 55. Nb5 {[%clk 0:39:55]} d3 {[%clk 0:28:16]}
56. b8=Q {[%clk 0:39:18]} Rb1+ {[%clk 0:28:14]} 57. Kg2 {[%clk 0:39:38]} d2
{[%clk 0:28:10]} 58. Qg8+ {[%clk 0:38:44]} Kf6 59. Qd8+ {[%clk 0:38:46]} Kg6
{[%clk 0:25:48]} 60. Qd3+ {[%clk 0:38:46]} 1-0

[Event "Malopolskie Chess Tour - Grupa Seniorska"]
[Site "Poronin"]
[Date "2022.01.08"]
[Round "5.2"]
[White "Szydlowski, Kazimierz"]
[Black "Zarow, Zdzislaw"]
[Result "0-1"]
[BlackElo "1672"]
[WhiteElo "1749"]
[LiveChessVersion "1.4.8"]

1. e4 {[%clk 1:30:48]} e5 {[%clk 1:30:54]} 2. Nf3 {[%clk 1:31:08]} Nf6
{[%clk 1:31:05]} 3. Nxe5 {[%clk 1:30:47]} Qe7 {[%clk 1:30:53]} 4. Nf3
{[%clk 1:30:49]} Nxe4 {[%clk 1:31:21]} 5. Be2 {[%clk 1:30:42]} d5
{[%clk 1:30:59]} 6. O-O {[%clk 1:30:38]} Qd8 {[%clk 1:30:48]} 7. Re1
{[%clk 1:29:39]} Be7 {[%clk 1:31:04]} 8. d4 {[%clk 1:29:20]} O-O {[%clk 1:31:23]}
9. Bd3 {[%clk 1:27:43]} f5 {[%clk 1:30:30]} 10. c4 {[%clk 1:26:30]} c6
{[%clk 1:30:58]} 11. Nc3 {[%clk 1:25:29]} Be6 {[%clk 1:27:50]} 12. Qe2
{[%clk 1:20:58]} Nd7 {[%clk 1:26:31]} 13. Nd2 {[%clk 1:19:47]} Bf7
{[%clk 1:17:19]} 14. Bxe4 {[%clk 1:08:08]} fxe4 {[%clk 1:17:28]} 15. f3
{[%clk 1:06:52]} Bf6 {[%clk 1:13:46]} 16. Qf2 {[%clk 1:00:12]} e3
{[%clk 1:12:05]} 17. Qxe3 {[%clk 0:57:52]} Re8 {[%clk 1:11:26]} 18. Qf2
{[%clk 0:55:34]} Rxe1+ {[%clk 1:09:27]} 19. Qxe1 {[%clk 0:55:16]} Bxd4+
{[%clk 1:09:42]} 20. Kh1 {[%clk 0:54:50]} Qf6 {[%clk 1:07:40]} 21. cxd5
{[%clk 0:48:39]} cxd5 {[%clk 1:02:21]} 22. Nf1 {[%clk 0:41:37]} Re8
{[%clk 1:02:29]} 23. Qd2 {[%clk 0:40:26]} Qa6 {[%clk 1:00:13]} 24. Ng3
{[%clk 0:37:53]} Qc4 {[%clk 0:53:04]} 25. Nce2 {[%clk 0:34:41]} Bf6
{[%clk 0:35:10]} 26. b3 {[%clk 0:33:48]} Qc5 {[%clk 0:27:56]} 27. Bb2
{[%clk 0:33:34]} Bxb2 {[%clk 0:26:46]} 28. Qxb2 {[%clk 0:33:57]} Qf2
{[%clk 0:26:33]} 29. Rf1 {[%clk 0:33:17]} Qe3 {[%clk 0:26:49]} 30. Nf5
{[%clk 0:31:38]} Qg5 {[%clk 0:25:47]} 31. Nd6 {[%clk 0:25:55]} Qe5
{[%clk 0:26:15]} 32. Qxe5 {[%clk 0:25:12]} Rxe5 {[%clk 0:26:44]} 33. Nf4
{[%clk 0:23:14]} g5 {[%clk 0:25:52]} 34. Nxf7 {[%clk 0:22:22]} Kxf7
{[%clk 0:26:17]} 35. Nd3 {[%clk 0:22:32]} Re2 {[%clk 0:26:28]} 36. Nc1
{[%clk 0:21:58]} Rc2 {[%clk 0:26:39]} 37. Kg1 {[%clk 0:22:10]} a5
{[%clk 0:26:26]} 38. Rd1 {[%clk 0:21:14]} Ke6 {[%clk 0:26:28]} 39. Kf1
{[%clk 0:20:27]} Nc5 {[%clk 0:24:38]} 40. a3 {[%clk 0:18:24]} b5 {[%clk 0:18:45]}
41. h3 {[%clk 0:14:45]} h6 {[%clk 0:14:20]} 42. Ne2 {[%clk 0:10:11]} Nxb3
{[%clk 0:14:17]} 43. Rd3 {[%clk 0:09:37]} a4 {[%clk 0:13:03]} 44. Nc3
{[%clk 0:07:59]} Rc1+ {[%clk 0:06:45]} 45. Kf2 {[%clk 0:08:19]} Rc2+
{[%clk 0:06:51]} 46. Kf1 {[%clk 0:05:04]} Nd4 {[%clk 0:04:10]} 47. Nxa4
{[%clk 0:04:08]} bxa4 {[%clk 0:02:57]} 48. Rxd4 {[%clk 0:04:27]} Rc4
{[%clk 0:03:16]} 49. Rd3 {[%clk 0:04:30]} d4 {[%clk 0:03:39]} 50. Ke2
{[%clk 0:03:46]} Rc2+ {[%clk 0:04:08]} 51. Rd2 {[%clk 0:03:57]} Rc3
{[%clk 0:03:02]} 52. Rd3 {[%clk 0:04:03]} Rb3 {[%clk 0:02:57]} 53. g3
{[%clk 0:04:02]} Kd5 {[%clk 0:03:22]} 54. h4 {[%clk 0:03:13]} Kc4
{[%clk 0:03:11]} 55. Rd1 {[%clk 0:02:47]} gxh4 {[%clk 0:03:36]} 56. gxh4
{[%clk 0:03:09]} Re3+ {[%clk 0:03:44]} 57. Kf2 {[%clk 0:03:08]} Rxa3
{[%clk 0:04:01]} 58. f4 {[%clk 0:03:11]} Rh3 {[%clk 0:04:13]} 59. Rc1+
{[%clk 0:03:20]} Kb3 {[%clk 0:04:40]} 60. Rc6 {[%clk 0:02:50]} a3
{[%clk 0:04:58]} 61. Rxh6 {[%clk 0:02:56]} a2 {[%clk 0:05:26]} 62. Rb6+
{[%clk 0:03:05]} Kc2 {[%clk 0:05:49]} 63. Ra6 {[%clk 0:03:00]} Kb2
{[%clk 0:06:09]} 64. Rb6+ {[%clk 0:03:03]} Rb3 {[%clk 0:06:37]} 65. Ra6
{[%clk 0:03:10]} a1=Q {[%clk 0:06:56]} 66. Rxa1 {[%clk 0:03:36]} Kxa1
{[%clk 0:07:14]} 67. f5 {[%clk 0:04:01]} Rh3 {[%clk 0:07:23]} 0-1

[Event "Malopolskie Chess Tour - Grupa Seniorska"]
[Site "Poronin"]
[Date "2022.01.08"]
[Round "5.3"]
[White "Minko, Janusz"]
[Black "Marszalek, Jakub"]
[Result "1-0"]
[BlackElo "1406"]
[WhiteElo "1746"]
[LiveChessVersion "1.4.8"]

1. c4 {[%clk 1:30:53]} c5 {[%clk 1:31:16]} 2. g3 {[%clk 1:31:17]} Nf6
{[%clk 1:31:32]} 3. Bg2 {[%clk 1:31:46]} g6 {[%clk 1:31:35]} 4. Nc3
{[%clk 1:31:25]} Bg7 {[%clk 1:31:31]} 5. Nf3 {[%clk 1:31:52]} O-O
{[%clk 1:31:32]} 6. O-O {[%clk 1:32:19]} d6 {[%clk 1:31:39]} 7. d4
{[%clk 1:27:15]} cxd4 {[%clk 1:31:34]} 8. Nxd4 {[%clk 1:27:43]} Nbd7
{[%clk 1:31:19]} 9. e3 {[%clk 1:16:38]} Ne5 {[%clk 1:31:20]} 10. b3
{[%clk 1:16:39]} Neg4 {[%clk 1:31:21]} 11. h3 {[%clk 1:13:45]} Nh6
{[%clk 1:31:13]} 12. g4 {[%clk 1:10:16]} Ne8 {[%clk 1:31:31]} 13. f4
{[%clk 1:04:40]} e5 {[%clk 1:30:17]} 14. Nde2 {[%clk 1:02:58]} exf4
{[%clk 1:30:17]} 15. exf4 {[%clk 1:03:00]} Qa5 {[%clk 1:28:18]} 16. Bd2
{[%clk 1:00:59]} Qc5+ {[%clk 1:27:59]} 17. Kh1 {[%clk 1:00:51]} f5
{[%clk 1:27:14]} 18. g5 {[%clk 1:00:12]} Nf7 {[%clk 1:27:33]} 19. Rc1
{[%clk 1:00:09]} h6 {[%clk 1:27:10]} 20. Nd5 {[%clk 0:57:50]} Qa3
{[%clk 1:24:38]} 21. Qc2 {[%clk 0:49:46]} hxg5 {[%clk 1:24:38]} 22. fxg5
{[%clk 0:50:08]} Ne5 {[%clk 1:21:24]} 23. Ne7+ {[%clk 0:47:12]} Kh7
{[%clk 1:21:29]} 24. Nxc8 {[%clk 0:47:17]} Rxc8 {[%clk 1:21:34]} 25. Bxb7
{[%clk 0:47:38]} Rb8 {[%clk 1:20:12]} 26. Bg2 {[%clk 0:47:53]} Rh8
{[%clk 1:19:17]} 27. Nf4 {[%clk 0:35:07]} Rf8 {[%clk 1:16:31]} 28. Ne6
{[%clk 0:34:37]} Rf7 {[%clk 1:15:36]} 29. Nxg7 {[%clk 0:34:54]} Nxg7
{[%clk 1:15:38]} 30. Bf4 {[%clk 0:31:35]} Nh5 {[%clk 1:13:56]} 31. Rcd1
{[%clk 0:30:30]} Re8 {[%clk 1:12:30]} 32. Qd2 {[%clk 0:29:50]} Nxf4
{[%clk 1:11:56]} 33. Rxf4 {[%clk 0:29:54]} Rd7 {[%clk 1:10:35]} 34. Rd4
{[%clk 0:27:58]} Red8 {[%clk 1:10:25]} 35. Rd5 {[%clk 0:28:02]} Nf7
{[%clk 1:10:17]} 36. Ra5 {[%clk 0:27:31]} Qxa5 {[%clk 1:09:56]} 37. Qxa5
{[%clk 0:27:41]} Nxg5 {[%clk 1:10:06]} 38. Qd2 {[%clk 0:25:44]} Nf7
{[%clk 1:09:30]} 39. Qf4 {[%clk 0:25:59]} Kg7 {[%clk 1:09:13]} 40. Qd4+
{[%clk 0:25:22]} Kg8 {[%clk 1:08:44]} 41. Bd5 {[%clk 0:25:11]} Kf8
{[%clk 1:08:48]} 42. Qf6 {[%clk 0:25:13]} a5 {[%clk 1:06:19]} 43. Bxf7
{[%clk 0:24:54]} Rxf7 {[%clk 1:05:17]} 44. Qxd8+ {[%clk 0:25:16]} 1-0